| 000 | 00995nam a2200253 i 4500 | ||
|---|---|---|---|
| 001 | bg | ||
| 245 | 0 | 0 |
_aInformation Systems Architecture and Technology ISAT '94 : _bproceedings of the 16th ISAT Scientific School / _ced. by Mieczysław Bazewicz ; Technical University of Wrocław. |
| 260 |
_aWrocław : _bOficyna Wydawnicza Politechniki Wrocławskiej, _c1994. |
||
| 300 |
_a335 s. : _brys., wykr. ; _c24 cm. |
||
| 490 | 1 |
_aBiblioteka Informatyki Szkół Wyższych = _aLibrary of Information Science of University Level Schools |
|
| 504 | _aBibliogr., streszcz. przy ref. | ||
| 650 | 9 | _aInteligencja sztuczna | |
| 650 | 9 | _aSystemy informatyczne | |
| 655 | _aMateriały konferencyjne | ||
| 700 | 1 |
_aBAZEWICZ, Mieczysław. _eRed. |
|
| 830 | 0 | _aBiblioteka Informatyki Szkół Wyższych | |
| 020 | _a8370851134 | ||
| 040 | _cBPK | ||
| 041 | 0 |
_aeng _bpol |
|
| 080 | _a681.324:681.325:002.5](061.3) | ||
| 920 | _a83-7085-113-4 | ||
| 942 | _cKS | ||
| 008 | s pl f |000 0 pol | ||
| 999 |
_c30770 _d30770 |
||